| 000 | 00507nam a22001937a 4500 | ||
|---|---|---|---|
| 003 | OSt | ||
| 008 | 230508b |||||||| |||| 00| 0 eng d | ||
| 020 | _a9788183601887 | ||
| 041 | _aeng | ||
| 082 |
_a631.3068 _bSHA/FA |
||
| 100 |
_aSharma D.N. _975 |
||
| 100 |
_ajain, Mukesh _95435 |
||
| 100 |
_ashiv kumar lohan _95436 |
||
| 245 | _aFarm Power and Machinery Management (Principles and Practices) Volume - 1 | ||
| 250 | _a3 | ||
| 260 |
_aNew Delhi _bJain Brothers _c2021 |
||
| 300 | _a620 | ||
| 942 | _cBK | ||
| 999 |
_c17675 _d17675 |
||